Men's comedic monologues that are actually funny /

" Never before has a monologue book been written completely by people who are actually funny for a living! This incredibly hysterical, cutting-edge collection of monologues will give an actor the extra bang he needs to land the perfect comedic role. Men's Comedic Monologues That Are Actual...

Full description

Bibliographic Details
Other Authors: Gaddis, Alisha (Editor)
Format: Book
Language:English
Published: Miliwaukee, WI : Applause Theatre & Cinema Books, 2015.
Subjects:

MARC

Tag First Indicator Second Indicator Subfields
LEADER 00000cam a2200000 i 4500
001 in00003582575
005 20170928133008.0
008 150514s2015 wiu 000 d eng
010 |a  2015016062 
020 |a 9781480396814  |q (pbk.) 
020 |a 1480396818  |q (pbk.) 
024 8 |a 40025132669 
035 |a (OCoLC)ocn890068279 
035 |a (OCoLC)890068279 
040 |a DLC  |b eng  |e rda  |c DLC  |d YDXCP  |d BTCTA  |d BDX  |d OCLCO  |d CCPLG  |d OCLCF  |d NYP  |d UtOrBLW 
042 |a pcc 
049 |a TXAM 
050 0 0 |a PN2080  |b .M413 2015 
082 0 0 |a 812/.0450817  |2 23 
245 0 0 |a Men's comedic monologues that are actually funny /  |c edited by Alisha Gaddis. 
264 1 |a Miliwaukee, WI :  |b Applause Theatre & Cinema Books,  |c 2015. 
300 |a viii, 235 pages ;  |c 20 cm 
336 |a text  |b txt  |2 rdacontent 
337 |a unmediated  |b n  |2 rdamedia 
338 |a volume  |b nc  |2 rdacarrier 
520 |a " Never before has a monologue book been written completely by people who are actually funny for a living! This incredibly hysterical, cutting-edge collection of monologues will give an actor the extra bang he needs to land the perfect comedic role. Men's Comedic Monologues That Are Actually Funny features monologues by writers and comics who have written for and/or performed on Saturday Night Live , The Tonight Show , Last Comic Standing , E! Entertainment, Comedy Central Stage, and many, many more. This book is the answer to the comedic monologue needs of male actors everywhere!" -- Publisher's annotation. 
650 0 |a Monologues.  |0 http://id.loc.gov/authorities/subjects/sh85086917 
650 0 |a Acting  |x Auditions.  |0 http://id.loc.gov/authorities/subjects/sh85000692 
650 0 |a Comedy sketches.  |0 http://id.loc.gov/authorities/subjects/sh2002009897 
650 7 |a Acting  |x Auditions.  |2 fast  |0 (OCoLC)fst00796147 
650 7 |a Comedy sketches.  |2 fast  |0 (OCoLC)fst00869104 
650 7 |a Monologues.  |2 fast  |0 (OCoLC)fst01025594 
655 7 |a Monologues (Drama)  |2 lcgft  |0 http://id.loc.gov/authorities/genreForms/gf2014026440 
700 1 |a Gaddis, Alisha,  |e editor.  |0 http://id.loc.gov/authorities/names/n2014026771 
938 |a YBP Library Services  |b YANK  |n 12060288 
938 |a Baker and Taylor  |b BTCP  |n BK0015604443 
938 |a Brodart  |b BROD  |n 110638131 
947 |a A14842892862 
945 |a PromptCat  |b 297738 
946 |a stk 
994 |a 92  |b TXA 
948 |a Cataloged  |b h  |c 2015/8/31  |d c  |e AReeder 
999 f f |s 4c59af85-7c29-3067-8a20-634dca5616cc  |i 61ea0e99-5b73-3506-b10b-a97a8868a300  |t 0 
952 f f |p normal  |a Texas A&M University  |b College Station  |c Sterling C. Evans Library  |d Evans: Library Stacks  |t 0  |e PN2080 .M413 2015  |h Library of Congress classification  |i unmediated -- volume  |m A14842892862 
998 f f |a PN2080 .M413 2015  |t 0  |l Evans: Library Stacks